Bahnen Monheim 791 - Statistiken

Allgemein
  • Dieses Quiz wurde 3 mal gespielt
  • Das Durchschnittsergebnis liegt bei 11 aus 28
Antwortstatistiken
Bildquiz Antwort % Korrekt
Alte Synagoge
100%
Langenfeld S
100%
Monheim Mitte
100%
Rathaus
100%
Sandberg
100%
Solingen Hbf
100%
Baumberger Chaussee
67%
Bismarckstraße
67%
Landwehr
67%
Marktplatz
67%
Stadtgalerie
67%
Waldschlösschen
67%
Immigrather Platz
33%
Knipprather Straße
33%
Schneiderstraße
33%
Bogenstraße
0%
Bogenstraße
0%
Engelsberger Hof
0%
Feldhauser Weg
0%
Gladbacher Straße
0%
Hackhausen
0%
Heidacker Straße
0%
Karlstraße
0%
Kirchstraße
0%
Ohligs Markt
0%
Schützenplatz
0%
Tränke
0%
Weststraße
0%
Keine übereinstimmenden Quizze gefunden
Verteilung der Resultate
Anzahl Personen mit jedem Resultat
Perzentil nach korrekt beantworteten Fragen
Ihre Resultats-Entwicklung
Sie haben dieses Quiz noch nicht gespielt